[Event "World Championship (tie-breaks)  2015"]
[Site "Sochi RUS"]
[Date "2015.03.25"]
[Round "3"]
[White "Sebag, Marie"]
[Black "Pogonina, Natalija"]
[Result "0-1"]
[WhiteElo "2482"]
[BlackElo "2456"]
[PlyCount "66"]
[EventDate "2015.03.17"]

1. e4 e5 2. Nf3 Nc6 3. Bb5 Nf6 4. d3 Bc5 5. O-O d6 6. h3 O-O 7. Bxc6 bxc6 8.
Re1 Re8 9. Nbd2 Nd7 10. Nc4 Bb6 11. a4 a5 12. Nxb6 cxb6 13. d4 c5 14. dxe5 Nxe5
15. Nxe5 dxe5 16. Qh5 Ra7 17. Ra3 Rd7 18. Rg3 Rd6 19. b3 Bb7 20. Bg5 Qd7 21. h4
Kh8 22. Qf3 Rf8 23. Qe2 Rd4 24. f3 Rd6 25. Be3 Rd8 26. Kh2 Rd1 27. Rxd1 Qxd1
28. Qc4 Qd7 29. h5 h6 30. f4 exf4 31. Bxf4 Qe7 32. e5 Rd4 33. Bg5 hxg5 0-1

[Event "World Championship (tie-breaks)  2015"]
[Site "Sochi RUS"]
[Date "2015.03.25"]
[Round "3"]
[White "Cmilyte, Viktorija"]
[Black "Arabidze, Meri"]
[Result "0-1"]
[WhiteElo "2530"]
[BlackElo "2374"]
[PlyCount "86"]
[EventDate "2015.03.17"]

1. d4 Nf6 2. c4 e6 3. Nf3 Bb4+ 4. Bd2 Qe7 5. g3 Bxd2+ 6. Qxd2 Nc6 7. e3 d5 8.
Bg2 Qb4 9. Ne5 Qxd2+ 10. Nxd2 Nxe5 11. dxe5 Ng4 12. Nf3 f6 13. Rc1 c6 14. exf6
Nxf6 15. Ne5 Ke7 16. Ke2 Nd7 17. Nxd7 Bxd7 18. e4 dxc4 19. Rxc4 e5 20. f4 Be6
21. Rc3 Rhd8 22. f5 Bf7 23. b3 a5 24. Rb1 Rd4 25. Rd3 c5 26. Rc1 Kd6 27. Rdc3
b6 28. Ke3 a4 29. Bf1 axb3 30. axb3 Ra2 31. Bc4 Bxc4 32. bxc4 Rxh2 33. Rb3 Kc7
34. Ra1 Kb7 35. Rab1 Rd6 36. Rc3 h5 37. Kf3 Rdd2 38. Rcb3 Kc7 39. Ra3 Kb7 40.
Rab3 Kc8 41. Ra3 Rdf2+ 42. Ke3 Re2+ 43. Kd3 Reg2 0-1

[Event "World Championship (tie-breaks)  2015"]
[Site "Sochi RUS"]
[Date "2015.03.25"]
[Round "3"]
[White "Harika, Dronavalli"]
[Black "Kosteniuk, Alexandra"]
[Result "1-0"]
[WhiteElo "2492"]
[BlackElo "2529"]
[PlyCount "109"]
[EventDate "2015.03.17"]

1. d4 Nf6 2. Nc3 d5 3. Bf4 c5 4. e3 a6 5. dxc5 Nc6 6. Nf3 Bg4 7. Be2 e6 8. Na4
Nd7 9. O-O Nxc5 10. Nxc5 Bxc5 11. h3 Bh5 12. Ne5 Bxe2 13. Qxe2 Nxe5 14. Bxe5
Qh4 15. Rad1 O-O 16. Bd4 Rac8 17. c3 Rfe8 18. Bxc5 Rxc5 19. Rd4 Qf6 20. Rfd1 b5
21. e4 Qe5 22. f4 Qb8 23. exd5 Rxd5 24. Rxd5 exd5 25. Qf3 b4 26. f5 bxc3 27.
bxc3 Qb6+ 28. Kh1 Rd8 29. a4 h6 30. Rd4 Qb1+ 31. Kh2 Qb8+ 32. Qg3 Qxg3+ 33.
Kxg3 Rc8 34. Rxd5 Rxc3+ 35. Kf2 Ra3 36. Ra5 h5 37. Rxa6 h4 38. Ra7 f6 39. a5
Kh7 40. a6 Kh6 41. Ke2 Ra2+ 42. Kf3 Ra4 43. Ke3 Ra2 44. Kd4 Rxg2 45. Rc7 Ra2
46. a7 Kg5 47. Rxg7+ Kxf5 48. Kc5 Kf4 49. Rg4+ Ke3 50. Kb6 f5 51. Rxh4 Kf3 52.
Rh8 Kg3 53. a8=Q Rxa8 54. Rxa8 Kxh3 55. Rf8 1-0

[Event "World Championship (tie-breaks)  2015"]
[Site "Sochi RUS"]
[Date "2015.03.25"]
[Round "3"]
[White "Pogonina, Natalija"]
[Black "Sebag, Marie"]
[Result "1-0"]
[WhiteElo "2456"]
[BlackElo "2482"]
[PlyCount "164"]
[EventDate "2015.03.17"]

1. d4 Nf6 2. c4 e6 3. Nf3 b6 4. g3 Ba6 5. b3 Bb4+ 6. Bd2 Be7 7. Bg2 c6 8. O-O
d5 9. Qc2 O-O 10. Rd1 Nbd7 11. a4 Ne4 12. Be3 f5 13. Nc3 Rc8 14. Qb2 Bd6 15.
Nxe4 fxe4 16. Ne5 Nf6 17. Bh3 Qe8 18. a5 b5 19. cxd5 Nxd5 20. Rac1 Kh8 21. Bg2
Nf6 22. h3 b4 23. Qd2 Bb5 24. Nc4 Be7 25. Bf4 Nd5 26. e3 Nc3 27. Re1 Rd8 28.
Rxc3 bxc3 29. Qxc3 c5 30. dxc5 Bxc5 31. Bxe4 Qe7 32. Be5 Rf7 33. Rf1 Rdf8 34.
Bd4 Bxd4 35. Qxd4 Qc7 36. Bg2 Rd7 37. Qe4 Bxc4 38. bxc4 e5 39. a6 Rd2 40. Qb7
Qc5 41. Qb5 Qxb5 42. cxb5 Rb2 43. Bc6 g6 44. f4 exf4 45. gxf4 Rd8 46. Rf2 Rb3
47. Re2 Kg7 48. Kf2 Rdd3 49. Be4 Rdc3 50. Bc6 Kf6 51. h4 Ke6 52. Kf3 Ra3 53.
Kf2 Kd6 54. Rd2+ Kc5 55. Rd5+ Kc4 56. Rd4+ Kc5 57. Rd5+ Kb6 58. Re5 h6 59. Re7
Kc5 60. Rxa7 Rxe3 61. Rd7 Reb3 62. Rd2 Kb6 63. Kg2 Rg3+ 64. Kf2 Rh3 65. Kg2
Rxh4 66. Rf2 Rg4+ 67. Kh2 Ra4 68. f5 g5 69. Bd7 Rgf4 70. Rc2 Rac4 71. Ra2 Ra4
72. Rc2 Rfc4 73. Re2 Rc3 74. Bc6 Rf4 75. Ra2 Rfc4 76. Ra1 Rc2+ 77. Kg3 R2c3+
78. Kf2 Rf4+ 79. Ke2 Rb4 80. Kd2 Rh3 81. a7 Rb2+ 82. Kc1 Rf2 1-0

[Event "World Championship (tie-breaks)  2015"]
[Site "Sochi RUS"]
[Date "2015.03.25"]
[Round "3"]
[White "Arabidze, Meri"]
[Black "Cmilyte, Viktorija"]
[Result "1/2-1/2"]
[WhiteElo "2374"]
[BlackElo "2530"]
[PlyCount "201"]
[EventDate "2015.03.17"]

1. d4 Nf6 2. c4 c5 3. d5 b5 4. cxb5 a6 5. bxa6 g6 6. Nc3 Bg7 7. e4 Qa5 8. Bd3
O-O 9. a7 Na6 10. Bd2 Qb6 11. Rb1 e6 12. Nge2 Nb4 13. Bc4 Nxe4 14. dxe6 Nd6 15.
exf7+ Kh8 16. Nd5 Qb7 17. Bxb4 cxb4 18. Bb3 Nxf7 19. O-O Ne5 20. Qd2 Qxa7 21.
Qe3 Qb8 22. f4 Ng4 23. Qb6 Qxb6+ 24. Nxb6 Ba6 25. Nxa8 Bxe2 26. Rfe1 Bd4+ 27.
Kh1 Nf2+ 28. Kg1 Nd1+ 29. Kh1 Nf2+ 30. Kg1 Nd3+ 31. Kh1 Nxe1 32. Rxe1 Rxf4 33.
h3 Bf1 34. Nc7 Rf2 35. Bd5 Be2 36. Ne8 Bxb2 37. Nd6 Bc3 38. Rc1 Rf4 39. Ne4 Be5
40. Re1 Rf1+ 41. Rxf1 Bxf1 42. Kg1 Bb5 43. Kf2 Kg7 44. Ke3 d6 45. Kf3 h6 46.
Ke3 g5 47. Kf3 Kg6 48. Nd2 Kf6 49. Ne4+ Kg6 50. Nd2 h5 51. Nc4 Kf6 52. Ke4 Bg3
53. Kf3 h4 54. Ke4 Bd7 55. Ne3 Kg6 56. Kf3 Bf4 57. Nc4 Kf6 58. Ke4 Bf5+ 59. Kd4
Bb1 60. Na5 Bh2 61. Bc4 Bg1+ 62. Kd5 Bc5 63. Nb7 Bg1 64. Nxd6 Kg6 65. Ke6 Bc5
66. Nb7 Bg1 67. Nd6 Bc5 68. Nb7 Bf8 69. Bd5 Bf5+ 70. Ke5 Bg7+ 71. Kd6 g4 72.
hxg4 Bxg4 73. Kc5 Bf8+ 74. Kd4 Bg7+ 75. Ke4 Kg5 76. Nc5 Bc3 77. Ne6+ Kf6 78.
Nf4 Bf5+ 79. Kf3 Ke5 80. Bf7 Be4+ 81. Kg4 Bd2 82. Ne2 Be1 83. Nf4 Bf2 84. Nh3
Bg3 85. Ng5 Bxg2 86. Nf3+ Kf6 87. Bb3 Bf2 88. Nxh4 Bxh4 89. Kxh4 Ke5 90. Kg3
Be4 91. Kf2 Kd4 92. Ke2 Kc3 93. Ke3 Bb1 94. Be6 Bc2 95. Bf7 Bh7 96. Be6 Bb1 97.
Bf7 Bd3 98. Be6 Bb1 99. Bf7 Kb2 100. Kd4 Bxa2 101. Kc5 1/2-1/2

[Event "World Championship (tie-breaks)  2015"]
[Site "Sochi RUS"]
[Date "2015.03.25"]
[Round "3"]
[White "Kosteniuk, Alexandra"]
[Black "Harika, Dronavalli"]
[Result "1/2-1/2"]
[WhiteElo "2529"]
[BlackElo "2492"]
[PlyCount "181"]
[EventDate "2015.03.17"]

1. e4 e6 2. d4 d5 3. Nd2 Nf6 4. e5 Nfd7 5. Bd3 c5 6. c3 Nc6 7. Ne2 cxd4 8. cxd4
f6 9. exf6 Nxf6 10. Nf3 Bd6 11. O-O O-O 12. Bf4 Bxf4 13. Nxf4 Ne4 14. Qc1 Ng5
15. Nxg5 Qxg5 16. Ne2 Qf6 17. Qc5 Bd7 18. Rad1 Rac8 19. Qd6 Be8 20. Rd2 Kh8 21.
Bb5 Na5 22. Bd3 Bg6 23. Qb4 b6 24. Bxg6 Qxg6 25. Nc3 Qf6 26. Nb5 a6 27. Nc3 Nc4
28. Rdd1 Rf7 29. Rd3 Qe7 30. Qxe7 Rxe7 31. b3 Na3 32. h4 Kg8 33. Na4 Rc6 34.
Re1 Rec7 35. Kh2 Nb5 36. h5 Rf7 37. Kg3 Rf5 38. h6 gxh6 39. f4 Kf7 40. Kf3 h5
41. Rh1 Ke7 42. Nb2 Rc2 43. Nd1 Rxa2 44. Ne3 Rf7 45. Rxh5 Nd6 46. Rc3 Ne4 47.
Rc7+ Ke8 48. Rxf7 Kxf7 49. Rxh7+ Kg6 50. Rb7 Rf2+ 51. Kg4 Re2 52. f5+ exf5+ 53.
Kf4 Rf2+ 54. Ke5 Nc3 55. Rxb6+ Kg5 56. Rf6 Re2 57. Rxf5+ Kg6 58. Rf3 Nd1 59.
Kf4 Nxe3 60. Rxe3 Rxg2 61. Re6+ Kf7 62. Rxa6 Re2 63. Kf5 Re4 64. Ra7+ Ke8 65.
Ra5 Rxd4 66. Ke6 Re4+ 67. Kxd5 Rb4 68. Ra3 Kd7 69. Kc5 Rh4 70. Kb6 Rb4+ 71. Kc5
Rh4 72. b4 Kc7 73. Ra7+ Kb8 74. Re7 Rh5+ 75. Kb6 Rh6+ 76. Ka5 Rg6 77. Rf7 Rh6
78. Rf8+ Kb7 79. Rf5 Ra6+ 80. Kb5 Rb6+ 81. Kc4 Rc6+ 82. Kb3 Rh6 83. Rc5 Rg6 84.
Rf5 Rh6 85. Rf7+ Kb6 86. Ka4 Rg6 87. Rf8 Rh6 88. Rb8+ Ka7 89. Rb5 Rg6 90. Ra5+
Kb6 91. Re5 1/2-1/2

[Event "World Championship (Knockout) 2015"]
[Site "Sochi RUS"]
[Date "2015.03.27"]
[Round "8"]
[White "Koneru, Humpy"]
[Black "Muzychuk, Mariya"]
[Result "1-0"]
[WhiteElo "2581"]
[BlackElo "2526"]
[PlyCount "123"]
[EventDate "2015.03.17"]

1. d4 d5 2. c4 c6 3. Nc3 Nf6 4. e3 e6 5. Nf3 Nbd7 6. Qc2 Bd6 7. Bd2 O-O 8. h3
e5 9. g4 e4 10. Nh4 g6 11. O-O-O Re8 12. Ng2 h6 13. Be2 dxc4 14. f3 Qe7 15.
Bxc4 Nb6 16. Bb3 Be6 17. Bxe6 Qxe6 18. f4 Nfd5 19. f5 Qe7 20. Rdf1 a5 21. Kb1
Nc4 22. Bc1 a4 23. h4 b5 24. g5 h5 25. Ne2 Bc7 26. a3 Qd7 27. Rf2 Nd6 28. fxg6
fxg6 29. Ngf4 Kg7 30. Rhf1 Nc4 31. Nxd5 cxd5 32. Rf7+ Qxf7 33. Rxf7+ Kxf7 34.
Nc3 Ke6 35. Nxb5 Bd6 36. Nc3 Rec8 37. Ka2 Nb6 38. Qf2 Rf8 39. Qe2 Ra5 40. Bd2
Nc4 41. Nxe4 Rb5 42. Bc3 Rfb8 43. Nxd6 Nxd6 44. Qc2 Ne4 45. Bb4 Kf5 46. Qc6 Kg4
47. Qxg6 Kxh4 48. Qf5 Ng3 49. Qf4+ Kh3 50. g6 R5b7 51. Qe5 h4 52. g7 Kh2 53.
Qg5 Rg8 54. Qxh4+ Kg2 55. Bf8 Rgxg7 56. Bxg7 Rxg7 57. Qd8 Ne4 58. Qxd5 Kf3 59.
Qe5 Rg4 60. Qf5+ Kg3 61. d5 Rh4 62. d6 1-0

[Event "World Championship (Knockout) 2015"]
[Site "Sochi RUS"]
[Date "2015.03.27"]
[Round "8"]
[White "Zhao, Xue"]
[Black "Pogonina, Natalija"]
[Result "0-1"]
[WhiteElo "2527"]
[BlackElo "2456"]
[PlyCount "92"]
[EventDate "2015.03.17"]

1. d4 Nf6 2. c4 c5 3. d5 b5 4. cxb5 a6 5. bxa6 g6 6. Nc3 Bg7 7. g3 O-O 8. Bg2
d6 9. Nf3 Nxa6 10. O-O Qb6 11. Re1 Nc7 12. e4 Nd7 13. a4 Ba6 14. Ra3 Rfb8 15.
Qc2 Ne5 16. Nxe5 Bxe5 17. Nd1 e6 18. Bd2 Bd4 19. Bc3 e5 20. Bh3 Ra7 21. Bg4
Rab7 22. Be2 c4 23. Bxd4 Qxd4 24. Ra2 Ne8 25. Nc3 Rb4 26. Rd1 Qb6 27. a5 Qc7
28. Rda1 Nf6 29. Na4 Nd7 30. Nb6 Rb7 31. Ra4 Rxa4 32. Qxa4 Nxb6 33. axb6 Rxb6
34. Rc1 Qc5 35. b3 Bb5 36. Qa8+ Kg7 37. bxc4 Ba6 38. Re1 Qb4 39. Kf1 Bxc4 40.
Bxc4 Qxc4+ 41. Kg2 Rb1 42. Qa5 Qd3 43. Kh3 Rb2 44. Qc7 Rxf2 45. Qxd6 Qc3 46.
Rb1 Qc8+ 0-1

[Event "World Championship (Knockout) 2015"]
[Site "Sochi RUS"]
[Date "2015.03.27"]
[Round "8"]
[White "Muzychuk, Anna"]
[Black "Cramling, Pia"]
[Result "1/2-1/2"]
[WhiteElo "2552"]
[BlackElo "2495"]
[PlyCount "120"]
[EventDate "2015.03.17"]

1. e4 c5 2. Nf3 e6 3. d4 cxd4 4. Nxd4 Nc6 5. Nc3 a6 6. Nxc6 bxc6 7. Bd3 d5 8.
O-O Nf6 9. Qe2 Be7 10. b3 O-O 11. Bb2 Re8 12. Na4 Bb7 13. c4 Nd7 14. cxd5 exd5
15. exd5 cxd5 16. Qg4 Bf6 17. Bxf6 Nxf6 18. Qd4 Bc6 19. Rfd1 Bxa4 20. Qxa4 Qb6
21. Rac1 a5 22. Qb5 Qd6 23. Qc5 Qf4 24. Bb5 Re6 25. Qc7 Qb4 26. Bc6 Rf8 27. h3
Re2 28. Bxd5 Nxd5 29. Rxd5 a4 30. Rd8 g6 31. Rxf8+ Kxf8 32. bxa4 Qd4 33. Qc5+
Qxc5 34. Rxc5 Rxa2 35. a5 h5 36. g4 hxg4 37. hxg4 Ke7 38. Kg2 Ra3 39. Rb5 Ke6
40. f3 Kd6 41. Kg3 Ra4 42. g5 Ke6 43. f4 Ra3+ 44. Kf2 f5 45. Ke2 Kd6 46. Kd2
Kc6 47. Rb6+ Kd5 48. a6 Ke4 49. Rxg6 Kxf4 50. Kc2 Kg4 51. Kb2 Ra5 52. Kb3 Kh5
53. Kb4 Ra1 54. Rc6 Kxg5 55. Kb5 f4 56. Rc8 Kg4 57. Rg8+ Kh3 58. Rf8 Kg3 59.
Kb6 f3 60. a7 f2 1/2-1/2

[Event "World Championship (Knockout) 2015"]
[Site "Sochi RUS"]
[Date "2015.03.27"]
[Round "8"]
[White "Harika, Dronavalli"]
[Black "Arabidze, Meri"]
[Result "1-0"]
[WhiteElo "2492"]
[BlackElo "2374"]
[PlyCount "189"]
[EventDate "2015.03.17"]

1. d4 Nf6 2. Nf3 e6 3. Bg5 c5 4. e3 d5 5. Nbd2 Be7 6. c3 Nbd7 7. Bd3 b6 8. O-O
Bb7 9. Ne5 Nxe5 10. dxe5 Nd7 11. Bxe7 Qxe7 12. f4 O-O 13. Qh5 f5 14. exf6 Nxf6
15. Qg5 Rae8 16. Nf3 Nd7 17. Bb5 Qxg5 18. Nxg5 Bc8 19. Rad1 Re7 20. Bxd7 Bxd7
21. Nf3 Be8 22. Ne5 Bg6 23. Nxg6 hxg6 24. g3 Rd8 25. Rd2 e5 26. Rfd1 exf4 27.
exf4 Red7 28. Kf2 Kf7 29. Kf3 Kf6 30. h4 Rd6 31. Rd3 R8d7 32. Kg4 Rd8 33. Re1
d4 34. cxd4 cxd4 35. Kf3 Kf7 36. Re5 Rc8 37. Re4 Rcd8 38. b3 R8d7 39. a4 Rd5
40. b4 a6 41. g4 Rd8 42. Re5 R5d6 43. Ke4 R8d7 44. f5 gxf5+ 45. Rxf5+ Kg8 46.
h5 Kh7 47. Rg5 Kh6 48. Kf4 Kh7 49. Re5 g6 50. Ke4 Kg7 51. Rg5 Re7+ 52. Kf4 a5
53. bxa5 bxa5 54. Rxg6+ Rxg6 55. hxg6 Rd7 56. Ke5 Kxg6 57. Rxd4 Rb7 58. Kd5 Kg5
59. Kc5 Kh4 60. Rc4 Rb8 61. Kd5 Rb7 62. Rc5 Rb4 63. Rc4 Rb8 64. Ke5 Kg5 65. Rc5
Rb4 66. Rxa5 Rxg4 67. Ra6 Kh5 68. a5 Rg5+ 69. Kd4 Rg4+ 70. Kc5 Rg5+ 71. Kb6
Rg6+ 72. Kb7 Rg7+ 73. Kc8 Rg5 74. Kd7 Rg7+ 75. Ke8 Rg5 76. Kf7 Rc5 77. Kg7 Rc7+
78. Kf6 Rc5 79. Ra8 Kh4 80. a6 Rc6+ 81. Kf5 Rc5+ 82. Kf4 Rc4+ 83. Ke3 Rc7 84.
Rb8 Kg5 85. Rb7 Rc4 86. Kd3 Ra4 87. Rb6 Kf5 88. Kc3 Ke5 89. Kb3 Ra1 90. Kc4 Ra2
91. Rh6 Ra1 92. Kc5 Ra2 93. Kb6 Rb2+ 94. Kc7 Ra2 95. Kb7 1-0

[Event "World Championship (tie-breaks)  2015"]
[Site "Sochi RUS"]
[Date "2015.03.28"]
[Round "4"]
[White "Muzychuk, Mariya"]
[Black "Koneru, Humpy"]
[Result "1/2-1/2"]
[WhiteElo "2526"]
[BlackElo "2581"]
[PlyCount "115"]
[EventDate "2015.03.17"]

1. e4 e5 2. Nf3 Nc6 3. d4 exd4 4. Nxd4 Bc5 5. Nb3 Bb4+ 6. c3 Be7 7. f4 d6 8.
N1d2 d5 9. e5 d4 10. Nf3 dxc3 11. Qxd8+ Nxd8 12. bxc3 Nh6 13. Bd3 O-O 14. Be3
f6 15. Nbd4 Ng4 16. Bc4+ Kh8 17. Bd2 fxe5 18. fxe5 c5 19. Nb5 Nc6 20. e6 Nge5
21. Bd5 Nxf3+ 22. gxf3 a6 23. Nc7 Ra7 24. O-O-O Ne5 25. c4 b6 26. Bc3 Ng6 27.
Na8 Bd8 28. Rhg1 Nf4 29. Rge1 b5 30. Re4 bxc4 31. Bxc4 Bg5 32. Bd2 Nxe6 33.
Bxe6 Bxd2+ 34. Rxd2 Rxa8 35. Bxc8 Raxc8 36. Re6 a5 37. Ra6 Rxf3 38. Rxa5 h6 39.
Ra7 c4 40. Rg2 c3 41. Rgxg7 Rf1+ 42. Kc2 Rf2+ 43. Kc1 Re8 44. Rge7 Rxe7 45.
Rxe7 Rxa2 46. Rc7 Rxh2 47. Rxc3 Re2 48. Kd1 Re6 49. Kd2 Kg7 50. Re3 Rf6 51. Ke2
Kg6 52. Rf3 Ra6 53. Kf2 h5 54. Kg3 Kg5 55. Rb3 Ra5 56. Rc3 h4+ 57. Kh3 Kh5 58.
Rb3 1/2-1/2

[Event "World Championship (tie-breaks)  2015"]
[Site "Sochi RUS"]
[Date "2015.03.28"]
[Round "4"]
[White "Zhao, Xue"]
[Black "Pogonina, Natalija"]
[Result "0-1"]
[WhiteElo "2527"]
[BlackElo "2456"]
[PlyCount "98"]
[EventDate "2015.03.17"]

1. d4 Nf6 2. c4 c5 3. d5 b5 4. cxb5 a6 5. bxa6 g6 6. Nc3 Bg7 7. g3 O-O 8. Bg2
d6 9. Nf3 Nxa6 10. O-O Qb6 11. Nd2 Nc7 12. Nc4 Qb4 13. Ne3 Ba6 14. Rb1 Nb5 15.
Bd2 Nd4 16. Re1 Rfb8 17. b3 Nd7 18. Qc1 Qb7 19. Nc4 Ne5 20. Nxe5 Bxe5 21. e3
Nb5 22. Nd1 Bg7 23. a4 Nc7 24. Bc3 Bxc3 25. Nxc3 Bd3 26. Rb2 Qb4 27. Rd1 Ba6
28. Rdd2 Ra7 29. Na2 Qa3 30. Qc2 Rab7 31. Nc1 Qb4 32. Ra2 Qa5 33. Qd1 Rb4 34.
h4 h5 35. Kh2 Ne8 36. e4 Nf6 37. f3 c4 38. bxc4 Bxc4 39. Ra1 Rb2 40. Rxb2 Rxb2
41. Qd4 Rc2 42. Qe3 Qb4 43. Nd3 Bxd3 44. Qxd3 Rxg2+ 45. Kxg2 Qb2+ 46. Kh3 Qxa1
47. Kg2 Qxa4 48. Qc3 Qa2+ 49. Kh3 Qf2 0-1

[Event "World Championship (tie-breaks)  2015"]
[Site "Sochi RUS"]
[Date "2015.03.28"]
[Round "4"]
[White "Muzychuk, Anna"]
[Black "Cramling, Pia"]
[Result "0-1"]
[WhiteElo "2552"]
[BlackElo "2495"]
[PlyCount "90"]
[EventDate "2015.03.17"]

1. e4 c5 2. Nf3 e6 3. d4 cxd4 4. Nxd4 Nc6 5. Nc3 a6 6. Nxc6 bxc6 7. Bd3 d5 8.
O-O Nf6 9. Qe2 Be7 10. b3 O-O 11. Bb2 Bb7 12. Rae1 Qc7 13. f4 Rfe8 14. e5 Nd7
15. f5 exf5 16. Bxf5 Bc5+ 17. Kh1 Nf8 18. Na4 Bb4 19. c3 Be7 20. Qg4 Bc8 21. c4
Be6 22. Rf3 Bxf5 23. Qxf5 Bb4 24. Ref1 Ne6 25. cxd5 cxd5 26. Qxf7+ Qxf7 27.
Rxf7 Rac8 28. Rd7 Red8 29. Rxd8+ Rxd8 30. Rd1 d4 31. Nb6 Kf7 32. g3 Kg6 33. Kg2
Kf5 34. Kf3 Ng5+ 35. Ke2 Ke4 36. Rd3 Nh3 37. Rd1 d3+ 38. Kf1 Rf8+ 39. Kg2 Nf2
40. Rf1 d2 41. a3 d1=Q 42. Rxd1 Nxd1 43. axb4 Nxb2 44. e6 Re8 45. Nd7 Nd3 0-1

[Event "World Championship (tie-breaks)  2015"]
[Site "Sochi RUS"]
[Date "2015.03.28"]
[Round "4"]
[White "Koneru, Humpy"]
[Black "Muzychuk, Mariya"]
[Result "0-1"]
[WhiteElo "2581"]
[BlackElo "2526"]
[PlyCount "82"]
[EventDate "2015.03.17"]

1. d4 d5 2. c4 c6 3. Nc3 Nf6 4. e3 e6 5. Nf3 Nbd7 6. Qc2 Bd6 7. Be2 O-O 8. O-O
e5 9. cxd5 cxd5 10. Nb5 Bb8 11. dxe5 Nxe5 12. Bd2 a6 13. Nbd4 Ne4 14. Rad1 Qd6
15. Qb3 Nc5 16. Qa3 b6 17. Nxe5 Qxe5 18. f4 Qf6 19. Bb4 Bd6 20. Nb5 Bb7 21.
Nxd6 Qxd6 22. Bf3 Rfe8 23. e4 Rac8 24. exd5 a5 25. Be1 Ba6 26. Rf2 Rcd8 27.
Rfd2 Qxf4 28. Bg3 Qf6 29. Bc7 Rd7 30. d6 Bb7 31. Bg4 Qg5 32. Bxd7 Re3 33. b3
Rd3 34. Re1 Re3 35. Qc1 Nd3 36. Bd8 Rxe1+ 37. Qxe1 Qc5+ 38. Kf1 Nxe1 39. Kxe1
Qc1+ 40. Ke2 Ba6+ 41. Ke3 Qe1+ 0-1

[Event "World Championship (tie-breaks)  2015"]
[Site "Sochi RUS"]
[Date "2015.03.28"]
[Round "4"]
[White "Pogonina, Natalija"]
[Black "Zhao, Xue"]
[Result "1/2-1/2"]
[WhiteElo "2456"]
[BlackElo "2527"]
[PlyCount "101"]
[EventDate "2015.03.17"]

1. d4 d6 2. c4 g6 3. Nc3 Bg7 4. e4 Nd7 5. Nf3 e6 6. Be2 Ne7 7. O-O O-O 8. Be3
h6 9. Qd2 g5 10. d5 e5 11. Ne1 f5 12. exf5 Nxf5 13. Ne4 Nf6 14. Bd3 Nh4 15.
Nxf6+ Qxf6 16. f3 Bd7 17. Rc1 b6 18. Be4 Ng6 19. Nd3 Nf4 20. b4 a5 21. a3 h5
22. Kh1 Qe7 23. Rfe1 Qf6 24. Rf1 Bh6 25. Rf2 Qg7 26. Rff1 Rf6 27. c5 axb4 28.
c6 Bc8 29. axb4 Ba6 30. Ra1 Rff8 31. Rfb1 Bc4 32. Nxf4 gxf4 33. Bf2 b5 34. Bh4
Bg5 35. Bxg5 Qxg5 36. g3 Kf7 37. gxf4 Qxf4 38. Qg2 Rg8 39. Qh3 Rae8 40. Qxh5+
Kf6 41. Rg1 Ke7 42. Rxg8 Rxg8 43. Qh7+ Qf7 44. Qh4+ Qf6 45. Qh3 Kf7 46. Qd7+
Qe7 47. Qf5+ Qf6 48. Qd7+ Qe7 49. Qf5+ Qf6 50. Qd7+ Qe7 51. Qf5+ 1/2-1/2

[Event "World Championship (tie-breaks)  2015"]
[Site "Sochi RUS"]
[Date "2015.03.28"]
[Round "4"]
[White "Cramling, Pia"]
[Black "Muzychuk, Anna"]
[Result "0-1"]
[WhiteElo "2495"]
[BlackElo "2552"]
[PlyCount "138"]
[EventDate "2015.03.17"]

1. d4 Nf6 2. Nf3 c5 3. d5 b5 4. Bg5 Qb6 5. a4 Bb7 6. Nc3 b4 7. a5 Qd8 8. Bxf6
exf6 9. Ne4 f5 10. Ng3 g6 11. e4 Bg7 12. e5 O-O 13. a6 Bc8 14. d6 Nc6 15. Qd5
Re8 16. Bc4 Nxe5 17. O-O Nxc4 18. Qxa8 Qb6 19. Qd5 Bxa6 20. Ng5 Nxd6 21. Rfe1
Rd8 22. Rad1 Bf8 23. Qe5 Nc4 24. Qf4 Nxb2 25. Ra1 Bb5 26. Rxa7 h6 27. Rea1 hxg5
28. Qxg5 Re8 29. Ra8 Qe6 30. h4 Rxa8 31. Rxa8 Bc6 32. Rb8 Nd1 33. Qd8 Qd6 34.
h5 Nxf2 35. h6 Ng4 36. Qxf8+ Qxf8 37. h7+ Kxh7 38. Rxf8 Kg7 39. Rc8 Ne3 40. Ne2
Nxc2 41. Nc1 c4 42. Rb8 b3 43. Kf2 d5 44. Rb6 d4 45. Nxb3 cxb3 46. Rxc6 Ne3 47.
Rb6 b2 48. Ke2 Nxg2 49. Kd3 Nf4+ 50. Kxd4 b1=Q 51. Rxb1 Kf6 52. Ke3 Ne6 53. Rb7
g5 54. Kf2 Kg6 55. Ra7 f6 56. Ra6 Nd8 57. Rb6 Nf7 58. Kg2 Ne5 59. Ra6 f4 60.
Rb6 g4 61. Ra6 Nf7 62. Rb6 Kg5 63. Rb8 Nd6 64. Ra8 Ne4 65. Ra3 f3+ 66. Kh2 f5
67. Rb3 Kh4 68. Ra3 g3+ 69. Kg1 Nd2 0-1

[Event "World Championship (tie-breaks)  2015"]
[Site "Sochi RUS"]
[Date "2015.03.28"]
[Round "4"]
[White "Cramling, Pia"]
[Black "Muzychuk, Anna"]
[Result "1-0"]
[WhiteElo "2495"]
[BlackElo "2552"]
[PlyCount "89"]
[EventDate "2015.03.17"]

1. d4 Nf6 2. Nf3 e6 3. c4 c5 4. d5 d6 5. Nc3 exd5 6. cxd5 g6 7. e4 Bg7 8. h3
O-O 9. Bg5 Re8 10. Bd3 h6 11. Be3 a6 12. a4 Nbd7 13. O-O Rb8 14. Re1 Qe7 15.
Qd2 g5 16. a5 Nf8 17. e5 dxe5 18. d6 Qe6 19. Bxc5 N6d7 20. Ba3 f5 21. Nd4 exd4
22. Rxe6 dxc3 23. Qc2 Nxe6 24. bxc3 Ndf8 25. Bxf5 Bd7 26. Bb4 Nf4 27. Bxd7 Nxd7
28. g3 Nh5 29. Qd2 Nhf6 30. Re1 Rxe1+ 31. Qxe1 b6 32. Qe2 bxa5 33. Bxa5 Rb5 34.
Bc7 Rc5 35. c4 a5 36. Qa2 Ne4 37. Qa4 Nef6 38. Bxa5 Ne5 39. Bc3 Ned7 40. Bd4
Rc8 41. Qa6 Rd8 42. c5 Ne8 43. Qc4+ Kh8 44. Bxg7+ Kxg7 45. Qe6 1-0

[Event "World Championship (tie-breaks)  2015"]
[Site "Sochi RUS"]
[Date "2015.03.28"]
[Round "4"]
[White "Muzychuk, Anna"]
[Black "Cramling, Pia"]
[Result "1/2-1/2"]
[WhiteElo "2552"]
[BlackElo "2495"]
[PlyCount "109"]
[EventDate "2015.03.17"]

1. e4 c5 2. Nf3 e6 3. d4 cxd4 4. Nxd4 a6 5. Nc3 b5 6. Bd3 Bb7 7. O-O Nc6 8.
Nxc6 Bxc6 9. Re1 Bc5 10. Qh5 Qb6 11. Be3 Bxe3 12. Rxe3 Ne7 13. Rae1 Ng6 14. e5
Nf4 15. Qg5 Nxg2 16. Ne4 Bxe4 17. Bxe4 Nxe3 18. Rxe3 Rc8 19. Qxg7 Rf8 20. Bxh7
Rc4 21. Bd3 Rf4 22. c3 Qd8 23. Rh3 Rh4 24. Rf3 Qe7 25. Rf6 Kd8 26. Qg3 Rfh8 27.
Qe3 Ke8 28. Qb6 Kf8 29. Qxa6 Rxh2 30. Qxb5 Rh1+ 31. Kg2 R1h6 32. Qb4 Qxb4 33.
cxb4 Rh5 34. b5 Ke7 35. a4 Rxe5 36. Rf4 Ra8 37. b6 Rb8 38. Rb4 Ra5 39. Kf3 d5
40. Ke3 Kd6 41. b3 e5 42. f4 f6 43. fxe5+ fxe5 44. Rh4 Rxb6 45. Bb5 Raxb5 46.
axb5 Rxb5 47. b4 d4+ 48. Ke4 Rxb4 49. Rh6+ Kc7 50. Kxe5 d3 51. Rh2 Kc6 52. Rd2
Rb3 53. Kd4 Kb5 54. Rxd3 Rxd3+ 55. Kxd3 1/2-1/2

[Event "World Championship (Knockout) 2015"]
[Site "Sochi RUS"]
[Date "2015.03.29"]
[Round "9"]
[White "Muzychuk, Mariya"]
[Black "Harika, Dronavalli"]
[Result "1/2-1/2"]
[WhiteElo "2526"]
[BlackElo "2492"]
[PlyCount "119"]
[EventDate "2015.03.17"]

1. e4 e5 2. Nf3 Nc6 3. d4 exd4 4. Nxd4 Bb4+ 5. c3 Bc5 6. Be3 Bb6 7. Nf5 g6 8.
Bxb6 axb6 9. Ne3 Nf6 10. f3 Qe7 11. c4 Qb4+ 12. Qd2 Qxd2+ 13. Kxd2 d6 14. Nc3
Kd8 15. Ncd5 Nxd5 16. cxd5 Ne5 17. Be2 Re8 18. a3 f5 19. exf5 Bxf5 20. Rhe1 h5
21. f4 Ng4 22. Nxf5 gxf5 23. Bb5 Re4 24. Rxe4 fxe4 25. h3 Nf6 26. Ke3 Ke7 27.
Rc1 Ra5 28. Be2 Nxd5+ 29. Kxe4 c6 30. g4 hxg4 31. hxg4 b5 32. Bd1 Ra8 33. Bb3
Nf6+ 34. Kf5 Rf8 35. Re1+ Kd8 36. Re6 Nd5+ 37. Kg5 Nxf4 38. Rxd6+ Ke7 39. Rh6
Nd3 40. Re6+ Kd7 41. Re2 c5 42. Bc2 Nf4 43. Rd2+ Ke6 44. Bf5+ Ke5 45. Rd7 Rg8+
46. Kh6 b6 47. Rf7 Rd8 48. Bd7 Rh8+ 49. Kg7 Rh2 50. Rf5+ Kd6 51. Bxb5 Ne6+ 52.
Kg6 Rxb2 53. a4 Nd4 54. Rf6+ Ke5 55. Rxb6 c4 56. Rb8 c3 57. Rc8 Nxb5 58. axb5
Kd4 59. g5 Rxb5 60. Kf6 1/2-1/2

[Event "World Championship (Knockout) 2015"]
[Site "Sochi RUS"]
[Date "2015.03.29"]
[Round "9"]
[White "Cramling, Pia"]
[Black "Pogonina, Natalija"]
[Result "1-0"]
[WhiteElo "2495"]
[BlackElo "2456"]
[PlyCount "157"]
[EventDate "2015.03.17"]

1. Nf3 d5 2. d4 Nf6 3. c4 e6 4. Nc3 Be7 5. Bg5 h6 6. Bh4 O-O 7. e3 Ne4 8. Bxe7
Qxe7 9. Rc1 c6 10. Qc2 Nd7 11. Be2 Nxc3 12. Qxc3 dxc4 13. Qxc4 e5 14. O-O e4
15. Nd2 Nf6 16. Qc5 Qxc5 17. Rxc5 Be6 18. Ra5 Rfd8 19. Bc4 Bxc4 20. Nxc4 a6 21.
Nb6 Rab8 22. Rc1 Kf8 23. b4 Rd6 24. Re5 Re8 25. Rec5 Red8 26. a4 Re6 27. h3 Ke8
28. g4 Nd5 29. Nxd5 Rxd5 30. Rxd5 cxd5 31. Rc5 Rd6 32. a5 Kd7 33. b5 axb5 34.
Rxb5 Kc6 35. Rc5+ Kd7 36. Kg2 g5 37. Kg3 Kd8 38. f3 exf3 39. Kxf3 Kd7 40. Kg3
Kd8 41. Kf2 Kd7 42. Ke2 Kd8 43. Kd2 Kd7 44. Kd3 Kd8 45. Ke2 Kd7 46. Kf1 Kd8 47.
Kg2 Kd7 48. Kg3 Kd8 49. h4 Kd7 50. h5 Kd8 51. Kf3 Kd7 52. Ke2 Kd8 53. Kd3 Kd7
54. Rb5 Kc7 55. e4 dxe4+ 56. Kxe4 Rf6 57. Rf5 Re6+ 58. Kd5 Rd6+ 59. Kc4 f6 60.
Rb5 Re6 61. Kd5 Re3 62. Rb6 Rf3 63. Ke6 Rf4 64. d5 Re4+ 65. Kxf6 Rxg4 66. d6+
Kc8 67. Kg6 Rg1 68. Kxh6 g4 69. Kg7 g3 70. h6 Rh1 71. Rb2 Rh4 72. h7 Rg4+ 73.
Kf6 Rh4 74. Kg6 Kd7 75. Rxb7+ Kxd6 76. Rb1 Ke5 77. a6 g2 78. Rg1 Rg4+ 79. Kh5
1-0